• 首页
  • 本馆介绍
  • 公告通知
  • 最新文献
  • 馆藏检索
  • 电子资源
  • 读者导购
  • 参考咨询
  • 我的图书馆
  • 登录
  • 详细信息显示
  • 放入我的书架
  • 预约/预借图书
  • 作者相关作品
  • 分类相关作品
  • 丛书相关作品
  • 出版社相关作品

书目信息

  • 表格格式
  • 工作单格式
  • 卡片格式
题名:
美国监狱内幕
    
 
作者: 米特福德 , Mitford 著 ;钟大能 , 李宝芝 译
分册:  
出版信息: 北京   法律出版社  1985
页数: 289页
开本: 19cm
丛书名:
单 册:
中图分类: D971.267 , D916.7
科图分类:
主题词: 监狱--美国 , 法学--部门
电子资源:
ISBN:
000 00965nam0 2200337 45
001 0185001479
005 20040506095235.7
010    @dCNY1.20
091    @a6004.787
100    @a19900904d1985 emky0chiy0121 ea
101 1  @achi@ceng
102    @aCN@b110000
105    @ay z 000yy
106    @ar
200 10 @a美国监狱内幕@Amei guo jian yu nei mu@f(美)米特福德(Mitford,J.)著@g钟大能, 李宝芝译
210    @a北京@c法律出版社@d1985
215    @a289页@d19cm
300    @a书名原文: Kind and usual punishment.
300    @a根据1975年英文版译出
510 1  @aKind and usual punishmeent@zeng
606    @a监狱@y美国
606 0  @a法学@x部门
690    @aD971.267@v3
690    @aD916.7
701  1 @a米特福德@Ami te fu de@bJ.@4著
701 A1 @aMitford@bJ.@4著
702  0 @a钟大能@Azhong da neng@4译
702  0 @a李宝芝@Ali bao zhi@4译
801  0 @aCN@b深圳图书馆@c20040506
801  2 @aCN@bNLC@c20040506
905    @f2@b164407-408@dD916.7@e99
    
    美国监狱内幕/(美)米特福德(Mitford,J.)著/钟大能, 李宝芝译.-北京:法律出版社,1985
    289页;19cm
    书名原文: Kind and usual punishment.-根据1975年英文版译出
    
    ISBN :CNY1.20
    
●
相关链接 在E读中查询图书 在五车中查询图书 在当当中查询图书 在豆瓣中查询图书


正题名:美国监狱内幕     索取号:D916.7/99         预约/预借

序号 登录号 条形码 馆藏地/架位号 状态 备注
1 0164407   000367454   第一借阅区/ [索取号:D916.7/99] 在馆    
2 0164408   000367436   第一借阅区/ [索取号:D916.7/99] 在馆    
3 0164409   000367445   第一样本阅览室/ [索取号:D916.7/99] 在馆    
唐山师范学院图书馆 欢迎您!
大连网信软件有限公司© 版权所有